The Pintail coal bed and Barrier Bar G-- : (Record no. 802494)

MARC details
000 -LEADER
fixed length control field 01262cam a2200337 a 4500
001 - CONTROL NUMBER
control field vtls000978532
003 - CONTROL NUMBER IDENTIFIER
control field NLI
005 - DATE AND TIME OF LATEST TRANSACTION
control field 20210627100432.0
008 - FIXED-LENGTH DATA ELEMENTS--GENERAL INFORMATION
fixed length control field 120209s1988 dcuab b 000 0 eng
039 #9 - LEVEL OF BIBLIOGRAPHIC CONTROL AND CODING DETAIL [OBSOLETE]
-- 201202091913
-- VLOAD
040 ## - CATALOGING SOURCE
Original cataloging agency NLI
Transcribing agency VTLS-2010_FOD
Description conventions AACR2
041 00 - LANGUAGE CODE
Language code of text/sound track or separate title eng
044 0# - COUNTRY OF PUBLISHING/PRODUCING ENTITY CODE
MARC country code dcu
082 00 - DEWEY DECIMAL CLASSIFICATION NUMBER
Classification number 553.240978785
100 1# - MAIN ENTRY--PERSONAL NAME
Personal name Roehler, Henry W.
245 14 - TITLE STATEMENT
Title The Pintail coal bed and Barrier Bar G-- :
Remainder of title a model for coal of barrier bar-lagoon origin, Upper Cretaceous Almond Formation, Rock Springs Coal Field, Wyoming /
Statement of responsibility, etc. by Henry W. Roehler.
260 ## - PUBLICATION, DISTRIBUTION, ETC.
Place of publication, distribution, etc. Washington, D.C. :
Name of publisher, distributor, etc. United States Government Printing Office,
Date of publication, distribution, etc. 1988.
300 ## - PHYSICAL DESCRIPTION
Extent iv, 60 p. :
Other physical details ill., maps :
Dimensions 29 cm.
440 #0 - SERIES STATEMENT/ADDED ENTRY--TITLE
Title U.S. Geological Survey professional paper ;
Volume/sequential designation 1398
500 ## - GENERAL NOTE
General note Two folded ill. in pocket.
504 ## - BIBLIOGRAPHY, ETC. NOTE
Bibliography, etc. note Bibliography: p. 58, 60.
650 #0 - SUBJECT ADDED ENTRY--TOPICAL TERM
Topical term or geographic name entry element Coal
General subdivision Geology
Geographic subdivision Rock Springs Region.
-- Wyoming
9 (RLIN) 920389
650 #0 - SUBJECT ADDED ENTRY--TOPICAL TERM
Topical term or geographic name entry element Geology, Stratigraphic
Chronological subdivision Cretaceous.
650 #0 - SUBJECT ADDED ENTRY--TOPICAL TERM
Topical term or geographic name entry element Geology
Geographic subdivision Rock Springs Region.
-- Wyoming
9 (RLIN) 920390
650 #0 - SUBJECT ADDED ENTRY--TOPICAL TERM
Topical term or geographic name entry element Sedimentation and deposition.
9 (RLIN) 677158
887 ## - NON-MARC INFORMATION FIELD
Content of non-MARC field
901 ## - LOCAL DATA ELEMENT A, LDA (RLIN)
a AD 66652
b 21.03.1989
902 ## - LOCAL DATA ELEMENT B, LDB (RLIN)
a U.S 553.240978785 R 713
949 ## - LOCAL PROCESSING INFORMATION (OCLC)
-- VIRTUAITEM
-- 10000
-- 100
6 ADX000066652ENG
942 ## - ADDED ENTRY ELEMENTS (KOHA)
Source of classification or shelving scheme Dewey Decimal Classification
Koha item type Books
Holdings
Withdrawn status Lost status Damaged status Not for loan Collection code Home library Current library Shelving location Date acquired Total Checkouts Full call number Barcode Date last seen Price effective from Koha item type
          National Library of India National Library of India       U.S 553.240978785 R 713 ADX000066652ENG 27/06/2021 27/06/2021 Books
                                                                           
web counter

Copyright ©2020 The National Library of India, Govt. of India ↔ Hosted by NVLI, MOC ↔ Technology and Design by National Library of India, Ministry of Culture, Govt. of India